000 00281nam a22001337a 4500
008 170607b xxu||||| |||| 00| 0 eng d
020 _a0060117745
041 _aeng
080 _a62
100 _a26
101 _aIM
245 _aHOME ENERGY HOW-TO
_cHAND,A.J
942 _2udc
_cBK
999 _c16242
_d16242